00666 2200241 4500001002100000008004100021035002000062245008100082100002100163260002400184300001200208020001800220084001400238082000800252650001900260990001900279990002100298990002100319990002100340990002100361990002100382990002100403INLIS000000000001286 ind  a0010-0724001286 aMerakit Sendiri Teknologi Tepat Guna Alat-Alat Rumah TanggacEndyah Murniati aMurniati, Endyah aSurabayabSICc2012 a56 hlm. a979.9415.77.2 a621 END m a621 aFisika Terapan aP29/CP/24/1286 aP29/CP/24/1286.1 aP29/CP/24/1286.2 aP29/CP/24/1286.3 aP29/CP/24/1286.4 aP29/CP/24/1286.5 aP29/CP/24/1286.6